000 00529nam a2200217Ia 4500
003 OSt
005 20230417115717.0
008 210423s2011 xx 000 0 und d
020 _a9788132202974
040 _cAL
041 _aeng
082 _a512.5
_223
_b ROMS
100 _aROMAN (Steven).
_989362
245 _aAdvanced linear algebra.
250 _a3
260 _aNew Delhi
_bSpringer Pvt Ltd
_c2011
300 _axviii,521
_bPB
365 _b530
_cINR
906 _aAdvanced ; algebra. ; linear
942 _2ddc
_cBK
999 _c160560
_d160560